000 02426nam a2200241Ia 4500
003 Ost
005 20260416102351.0
008 260416s9999||||xx |||||||||||||| ||und||
040 _cfsecg
041 _aara
082 _a330.015195
100 _aمباني، عبد المالك
_eمؤلف
245 0 _aمدخل إلى الإقتصاد القياسي /
_c عبد المالك مباني
260 _aالجزائر
_bجامعة الجزائر3: كلية العلوم الإقتصادية، العلوم التجارية وعلوم التسيير
_c2015
300 _a106 ورقة
_bايضاحات
_c30 سم
504 _aمراجع ص.106؛ ملاحق ص.103
520 _aتحليل الانحدار البسيط: النموذج الخطي البسيط و فرضياته، تقدير نموذج الانحدار الخطي البسيط، الخصائص الاحصائية لمقدرات طريقة المربعات الصغرى، معامل التحديد كمقياس لصلاحية النموذج، مثال عددي حول تقدير الانحدار الخطي البسيط ، الاستدلال الاحصائي المطبق في الانحدار الخطي البسيط، استخدام النموذج المقدر في التنبؤ، عرض نتائج تحليل الانحدار الخطي، سلسلة تمارين محلولة في الانحدار الخطي البسيط. تحليل الانحدار المتعدد: مراجعة عامة لمبادئ المصفوفات، تقدير معاملات النموذج المتعدد باستخدام طريقة المصفوفات، الخصائص الاحصائية للمعالم المقدرة، مثال عددي حول تقدير الانحدار المتعدد، معامل التحديد و معامل التحديد المرجح في الانحدار الخطي المتعدد، اختبار الفرضيات و مجالات الثقة في الانحدار المتعدد، التنبؤ باستحدام النموذج المتعدد، سلسلة تمارين محلولة حول تحليل الانحدار المتعدد.
653 _aالاقتصاد التحليلي
653 _aالاقتصاد الرياضي
653 _aالاقتصاد القياسي
710 _aجامعة الجزائر3: كلية العلوم الإقتصادية، العلوم التجارية وعلوم التسيير
_eناشر علمي
942 _cHANDOUT
999 _c40994
_d40994